| 000 | 00000nam##2200000za#4500 |
| 001 | 9.663705 |
| 003 | CaOODSP |
| 005 | 20210615121154 |
| 007 | ta |
| 008 | 150407|2002||||xxc||||| f|0| 0 eng|d |
| 020 | |a0-662-66531-7 |
| 040 | |aCaOODSP|beng |
| 041 | |aeng |
| 041 | |afre |
| 043 | |an-cn--- |
| 086 | 1 |aSC94-94/2002 |
| 110 | 1 |aCanada.|bCanadian Centre for Management Development. |
| 245 | 10|aOrganizing for deliberate innovation : |ba toolkit for teams / |cby Geoff Dinsdale, Mary Moore and Andrew Gaudes; chaired by Ruth Dantzer |
| 260 | |aOttawa - Ontario : |bCanadian Centre for Management Development |c2002. |
| 300 | |a74p. : |c28 cm. |
| 504 | |aBibliography. |
| 590 | |a02-29|b2002-07-19 |
| 690 | 07|aInnovation|2gcpds |
| 690 | 07|aMeetings|2gcpds |
| 690 | 07|aPublic administration|2gcpds |
| 690 | 07|aPublic service|2gcpds |
| 776 | 0#|tL'organisation au service de l'innovation : |w(CaOODSP)9.630771 |
| 776 | 0#|tOrganizing for deliberate innovation : |w(CaOODSP)9.686294 |
| 792 | |tL'organisation au service de l'innovation délibérée : |efre|w(CaOODSP)9.663706 |